| 000 | 00580nam a22001697a 4500 | ||
|---|---|---|---|
| 008 | 230612b |||||||| |||| 00| 0 eng d | ||
| 020 | _a978-1935245575 | ||
| 050 |
_aBX8741 _b.C75 2011 |
||
| 100 | _aCrick, Robert D. | ||
| 245 |
_aOutside the gates : _bThe need for, theology, History and practice of chaplaincy ministry/ _cRobert D. Crick and Brandelan S. Miller |
||
| 250 | _aRevised and expanded ed. | ||
| 260 |
_aUnited States of America _bHigherlife development services _c2011 |
||
| 300 | _axv, 230p. | ||
| 700 | _aMiller, Brandelan S. | ||
| 760 | _bMi | ||
| 942 |
_2lcc _cBK |
||
| 999 |
_c20183 _d20182 |
||